Slovenčina v našom živote

Bibliographic Details
Main Author: Horecký, Ján, 1920-2006 (Author)
Format: Book
Language:Slovak
Published: Bratislava Slovenské pedagogické nakladateľstvo 1988
Edition:1. vyd.
Series:Klub študujúcej mládeže
Subjects:

MARC

LEADER 00000cam a2200000 a 4500
001 vtls001123069
003 SK-MaSNL
005 20260301233330.0
008 240226s1988 xo grf 000 0 slo
015 |a SNBA1988/12 
020 |q (brožované) 
035 |a SNK000065912 
035 |a 1B85B59D-825F-473A-8B8F-E5E770109A56 
035 |a urn:nbn:sk:snk-am00ifgq 
040 |a SNK  |b slo  |c SNK  |e AACR2 
041 0 |a slo 
044 |a xo  |c SK 
072 7 |a 811.162.4  |x Slovenčina  |2 konspekt 
080 |a 811.162.4-01  |2 2001 
080 |a 81(035)  |2 2001 
080 |a 811.162.4  |2 2011 
080 |a 81'1  |2 2011 
080 |a (035)  |2 011 
100 1 |a Horecký, Ján,  |d 1920-2006  |4 aut  |9 105131 
245 1 0 |a Slovenčina v našom živote  |c Ján Horecký 
250 |a 1. vyd. 
260 |a Bratislava  |b Slovenské pedagogické nakladateľstvo  |c 1988  |e Bratislava  |f Svornosť 
300 |a 125 strán  |c 21 cm 
366 |e 8000 výtl. 
490 1 |a Klub študujúcej mládeže 
650 0 7 |a slovenčina  |2 SNKPH  |9 1350 
650 0 7 |a lingvistika  |2 SNKPH  |9 860 
655 7 |a príručky  |2 SNKPH  |9 74364 
830 0 |a Klub študujúcej mládeže  |9 354649 
852 |a Slovenská národná knižnica 
954 |a odborná, vedecká literatúra pôvodná (slovenská)  |2 lita 
958 |a OND 
958 |a TL 
999 |c 965713  |d 967643 
952 |a SNK  |b SNK  |y PREZ  |7 0  |p 17A0935620  |o snkSC 73001  |i snkKSP 10162/88  |0 0  |1 0  |4 0  |d 2012-09-23  |f 1  |l 0  |r 2025-07-28 00:00:00  |w 2026-02-24 
952 |t P60, <04>, [BOOK], {604}  |a SNK  |b SNK  |y VYP  |7 0  |p 17A0017575  |o snkSC 73001 D1  |0 0  |1 0  |4 0  |d 1996-11-07  |l 0  |r 2004-12-31 00:00:00  |w 2026-02-24